Revolution in Baja California : Ricardo Flores Magon's high noon /

Bibliographic Details
Main Author: Turner, Ethel Duffy, 1885-1969
Other Authors: Devis, Rey, 1918-
Format: Book
Language:English
Published: Detroit, Mich. : Blaine Ethridge--Books, [1981]
Subjects:

MARC

Tag First Indicator Second Indicator Subfields
LEADER 00000cam a2200000 a 4500
001 in00000098034
005 20150924085506.0
008 810406s1981 miua b 00110beng
010 |a  81003315  
020 |a 0879170786 
035 |a (OCoLC)07459709 
035 |9 AAK9397AM 
039 0 |a 2  |b 3  |c 3  |d 3  |e 3 
040 |a DLC  |c DLC  |d OCL  |d TXA  |d UtOrBLW 
043 |a n-mx--- 
049 |a TXAM  |c [952443] 
050 0 0 |a F1234 F663  |b  T87 1981 
082 0 |a 322.4/2/0924  |a B  |2 19 
100 1 |a Turner, Ethel Duffy,  |d 1885-1969. 
245 1 0 |a Revolution in Baja California :  |b Ricardo Flores Magon's high noon /  |c by Ethel Duffy Turner ; edited and annotated by Rey Devis. 
264 1 |a Detroit, Mich. :  |b Blaine Ethridge--Books,  |c [1981] 
264 4 |c ©1981 
300 |a xv, 119 pages :  |b illustrations ;  |c 24 cm. 
336 |a text  |b txt  |2 rdacontent 
337 |a unmediated  |b n  |2 rdamedia 
338 |a volume  |b nc  |2 rdacarrier 
500 |a Includes index. 
504 |a Bibliography: pages 114-116. 
600 1 0 |a Flores Magón, Ricardo,  |d 1873-1922. 
650 0 |a Revolutionaries  |z Mexico  |v Biography. 
651 0 |a Mexico  |x History  |y 1910-1946. 
651 0 |a Baja California (Mexico : Peninsula)  |x History. 
700 1 |a Devis, Rey,  |d 1918- 
999 |a MARS 
999 f f |s 3aec1538-7553-393e-a99e-c886977bb043  |i 55fb3ea1-77e7-3957-bc9a-78442be4b61a  |t 0 
952 f f |p ric  |a Texas A&M University  |b Rellis Campus  |c Joint Library Facility  |d Remote Storage  |t 0  |e F1234 F663 T87 1981  |h Library of Congress classification  |i unmediated -- volume  |m A14806021700 
998 f f |a F1234 F663 T87 1981  |t 0  |l Remote Storage